Tutte le squadre ad aver partecipato alla Serie B - Statistics

Statistiche generali
  • Questo quiz è stato fatto 213 volte
  • Il punteggio medio è 86 su 144
Statistiche sulle risposte
SQUADRA % Corretto
Juventus
97%
Milan
97%
Lazio
96%
Napoli
94%
Udinese
94%
Atalanta
93%
Roma
93%
Torino
93%
Bari
92%
Fiorentina
92%
Hellas
92%
Palermo
92%
Sampdoria
92%
Chievo
91%
Genoa
91%
Lecce
90%
Pescara
90%
Reggiana
90%
Bologna
89%
Cagliari
89%
Catania
89%
Frosinone
89%
Perugia
89%
Reggina
89%
Salernitana
89%
Venezia
89%
Crotone
88%
Pisa
88%
Sassuolo
88%
Catanzaro
87%
Parma
87%
Ternana
87%
Avellino
86%
Brescia
86%
Como
86%
Modena
86%
Spezia
86%
Messina
85%
SPAL
85%
Triestina
85%
Ascoli
84%
Benevento
84%
Livorno
84%
Monza
84%
Padova
84%
Vicenza
84%
Cosenza
82%
Alessandria
81%
Cesena
81%
Trapani
81%
Empoli
80%
Lecco
80%
Novara
80%
Siena
80%
Mantova
79%
Ancona
77%
Cremonese
77%
Foggia
77%
Latina
77%
Pro Vercelli
77%
Piacenza
76%
Pordenone
76%
Rimini
76%
Sudtirol
76%
Arezzo
74%
Potenza
74%
Carrarese
73%
Juve Stabia
72%
Taranto
72%
Carpi
71%
Varese
71%
Treviso
69%
Grosseto
66%
MATER
66%
Pistoiese
65%
Entella/Virtus Entella
64%
Lucchese
64%
Ravenna
64%
Campobasso
63%
Cittadella
62%
Casertana
61%
Siracusa
61%
Andria/Fidelis
59%
Gubbio
59%
Prato
59%
Brindisi
58%
Albinoleffe
57%
Barletta
57%
Pro Patria
55%
L'Aquila
54%
Rieti
54%
Casale
53%
Savona
53%
Forlì
51%
Pavia
51%
Feralpisalò
50%
Sambenedettese
49%
Trani
47%
Virtus Lanciano/Lanciano
47%
Matera
43%
Fermana
41%
Legnano
38%
Massese
38%
Castel di Sangro
37%
Cavese
36%
Gallipoli
36%
Maceratese
35%
Nocerina
35%
Pro Gorizia/Gorizia
33%
Pro Sesto
32%
Sampierdarenese
32%
Portogruaro
31%
Biellese
28%
Viareggio
27%
Bolzano
26%
Savoia
26%
Acireale
24%
Mestre
24%
Sanremese
22%
Crema
21%
Licata
21%
Fanfulla
19%
Sorrento
19%
Alzano/Virescit
16%
Fiumana
15%
Grion Pola/Pola
15%
Piombino
14%
Seregno
14%
Scafatese
13%
Centese
12%
Monfalcone
12%
Vigevano
12%
Magenta
11%
Vogherese
11%
Derthona
10%
Gallaratese
10%
Marzotto Valdagno
10%
La Dominante
9%
Molinella
9%
Suzzara
9%
Arsenale Taranto
7%
Sestrese
7%
Vita Nova
6%
Albatrastevere
5%
Nessun quiz corrispondente trovato
Distribuzione punteggi
Percentuale di utenti per punteggio
Percentile per numero di risposta
I tuoi punteggi nel tempo
Non hai fatto questo quiz